000 00495nam a2200181Ia 4500
005 20250508161659.0
008 008 250505s9999 xx 000 0 eng d
037 _aTextual
040 _aFEDL
_beng
_cFEDL
041 _aeng
_2eng
084 _a612.8, LAJ
_qFEDL
100 _aLajtha Abel Ed.
245 0 _aHand book of neurochemistry. Vol 4
260 _aNew York, USA
_bPlenum Press
_c1970
300 _axxi,516p.
942 _cTEXL
_h612.8, LAJ
999 _c1371525
_d1371525